Регионална библиотека "Любен Каравелов" - Русе

Дистрибуционна политика на икономическите субекти (Запис номер 92539)

MARC детайли
000 -Лидер
Контролно поле с фиксирана дължина 01707nam a2200397 c 4500
003 - Код на организацията, давaща контролен номер
Контролно поле BLK
005 - Дата и час на последна редакция
Контролно поле 20180420225422.0
008 - Елементи от данни с фиксирана дължина
fixed length control field 180408b bul|||||r ||||||| ||bul||
010 ## - Наследен системен номер
LC control number KNG00097321000
040 ## - Източник на каталожния запис
Идентификатор на билиотеката - собственик на записа BLK
041 ## - Код за език
Код за езика на текст/звукозапис или на отделно заглавие Български
Код за езика КДБФ Български
072 #7 - Код за тематичната категория
Код организация bullib
Код за тематична категория Н33
Текст Икономика Н
080 ## - УДК
Текстов определител УДК Пазар. Анализ на пазара. Търсене. Предлагане. Конкуренция. Маркетингова логистика
УДК код - определител по УДК 339.13
УДК определител
УДК - код + определител 339.13
080 ## - УДК
Текстов определител УДК
УДК код - определител по УДК 658.6/.8
УДК определител
УДК - код + определител 658.6/.8
080 ## - УДК
Текстов определител УДК Общи въпроси на производството (Организация на производствения процес вж 658.5)
УДК код - определител по УДК 338.3
УДК определител
УДК - код + определител 338.3
100 1# - Редна дума - Автор
Автор Петрова, Симеонка Александрова
Авторска отговорност първи автор
R(LIN) 304944
139 ## - Редно поле
Редна дума Петрова, Симеонка Александрова
Авторски знак Петро - П 47
245 10 - Сведения за заглавието
Заглавие Дистрибуционна политика на икономическите субекти
Редно поле (дума) Симеонка Александрова Петрова.
257 ## - Страна на издаване
Страна на създаване/издаване България
260 ## - Област на издателските данни
-- Свищов
Име на издателя, разпространителя и проч. Акад. изд. Д. А. Ценов
Година на издаване 2009
300 ## - Физическа характеристика
Страници 227 с.
Илюстрации и др. с табл., сх.
Размери/Мащаб 24 см
380 ## - Жанр
Жанр Обществени науки
490 1# - СЕРИИ (Колекции)
Име на серия Библиотека Стопански свят
№: серия 100
500 ## - Общи забележки
Забележка Библиогр. с. 221-226.
650 #4 - Допълнително описание по предмет – тема
Основно описание – тема или топоним Маркетинг
9 (RLIN) 161163
650 #4 - Допълнително описание по предмет – тема
Основно описание – тема или топоним Търговия
9 (RLIN) 174378
653 ## - Ключова дума – ненормативна
Ключова дума дистрибутори
653 ## - Ключова дума – ненормативна
Ключова дума маркетинг
653 ## - Ключова дума – ненормативна
Ключова дума пазарна икономика
659 ## - Тематичен бюлетин
Тематичен бюлетин Н
852 ## - Местоположение
Форматна сигнатура Цб 249254
856 4# - Електронен адрес и достъп
Електронен формат pdf - файл
Път до файла /url/
856 4# - Електронен адрес и достъп
Електронен формат pdf - файл
Път до файла /url/
942 ## - АРТИКУЛИ
Вид на библиотечния материал Книги
Скрит в OPAC Не
944 ## - СЪЗДАВАНЕ И РЕДАКЦИЯ на ЗАПИСА
Създаване/Редакция Създаване
Дата на регистрацията/редакция 13.10.2010
Статус, дата на статуса ф /
Служител, извършил регистрацията/редакцията Людмила_Стоянова
944 ## - СЪЗДАВАНЕ И РЕДАКЦИЯ на ЗАПИСА
Създаване/Редакция Редакция
Дата на регистрацията/редакция 18.10.2011
Статус, дата на статуса ф /
Служител, извършил регистрацията/редакцията
999 ## - СИСТЕМНИ КОНТРОЛНИ НОМЕРА
Koha biblionumber 92539
Koha biblioitemnumber 92539
Наличности
Код за отписване Код за изгубен артикул Код за повреда Коз за рестрикции Код за отдаване Артикулен № Име на библиотеката - собственик Име на библиотеката, в която се намира в момента Статус (Текущо местоположение) Дата на вписване в системата Местоположение - отдел Цена в лева Инвентарен номер Систематично азбучна сигнатура Баркод Номер на екземпляра Цена в евро Служебна бележка Служебен тип на артикула
  Не е изгубен Не е повреден без рестрикции ползва се в читалня 149047 Регионална библиотека "Любен Каравелов" Русе Регионална библиотека "Любен Каравелов" Русе Хранилище 2010-10-13 Хранилище 12.00 120000746524 Цб 249254 120000746524 1 6.14 Дост: Dp Вид: Д N: 5 Дата: 20.01.2010 Книги
  Не е изгубен Не е повреден без рестрикции заемане за дома 149048 Регионална библиотека "Любен Каравелов" Русе Регионална библиотека "Любен Каравелов" Русе Заемна - подръчен фонд 2011-08-31 Заемна - подръчен фонд 12.00 120000752663 П 330.1/П 47 120000752663 2 6.14 Дост: KN Вид: А N: 13 Дата: 31.08.2011 Дата инв: 05.02.2018 Бележки инв: П2018 Книги
Vip Innovations Ltd, Rousse, Bulgaria 2025